000 01036nam a22002897a 4500
001 5416
003 FISKH
005 20260116094242.0
008 241204b cb ||||| |||| 00| 0 eng d
020 _a071009004993
040 _aFISKH
_beng
_cFISKH
_dFISKH
050 _aPZ7.P2843
082 _a813.54
100 _aPaulsen, Gary
245 _aThe River :
_bThe riveting companion to Hatchet /
_cby Gary Paulsen
260 _aNew York :
_bA Yearling Book ;
_c1991.
300 _a132 pages :
_billustrations ;
_c20 cm .
505 _aZ
520 _aBecause of his success surviving alone in the wilderness for fifty-four days, fifteen-year-old Brian, profoundly changed by his time in the wild, is asked to undergo a similar experience to help scientists learn more about the psychology of survival.
521 8 _a960
_bLexile
521 8 _aZ
_bRaz-Plus
650 _awilderness
_vFiction
650 _ayoung adult
_vFiction
700 _aWaldman, Neil
_eillustrator
942 _2ddc
_cBK
_n0
999 _c5416
_d5416